00491nam a22001457a 4500003000400000008004100004082001900045100002300064245010600087260004500193300001800238650004600256650002600302650001700328OSt240120b1990 |||||||| |||| 00| 0 eng d a658.402bSAV-F aSavage, Charles M. aFifth generation management :bintegrating enterprises through human networking /cCharles M. Savage. aDelhi :bPrentice-Hall Of India ,c1990. axvi, 267 p. ; aComputer integrated manufacturing systems aIndustrial management aOrganization